000 00938nam a2200229 u 4500
001 000494675
003 AM-YeHGA
005 20250618072636.0
008 060706s1977 ||| r 000 0 rus d
040 _aAM-YeHGA
041 1 _arus
_harm
100 1 _aՍիմոնյան, Կարեն Արամի,
_d1936-2018
_98967
245 1 0 _aСицилианская защита :
_bРоман : Перевод с армянского /
_cК.А. Симонян; Перев. Р. Кафриэлянц; Рис. Г.А. Карапетяна.
260 _aМосква :
_bСоветский писатель,
_c1977.
300 _a256 стр. :
_bпортр., илл. ;
_c17 см.
650 1 4 _aАрмянская литература
_xРоман
653 0 _aФантастика
700 1 _aКафриелянц, Регина
_eперев.
_4trl
700 1 _aКарапетян, Г.А.
_eхудож.
_4art
942 _2udc
_cBK
090 _c183859
999 _c182406
_d182406